| 000 | 01072nam a2200289Ia 4500 | ||
|---|---|---|---|
| 001 | H9059 | ||
| 003 | IT-RoPAU | ||
| 008 | 130308s9999 xx 000 0 und d | ||
| 040 | _aIT-RoPAU | ||
| 040 | _cIT-RoPAU | ||
| 041 | _aITALIANO | ||
| 100 | _aDambrine Sylvain | ||
| 100 | _gCodice Aut. SPICS: 55888 | ||
| 245 | _aAspetti di una soggettivazione dei malati. L'esempio dell'associazione Act Up-Paris | ||
| 245 | _bDiscorso della salute (Il). Verso una sociosemiotica Medica | ||
| 250 | _a1a ed. | ||
| 260 | _aROMA | ||
| 260 | _bMeltemi | ||
| 260 | _c2005 [1° Ed.:2005 - Ed.Ling.Originale:2005] | ||
| 300 | _a"10 p. (prefazione: no ; testo: 10 [pagine: 264-273])" | ||
| 500 | _a"Attivismo Terapeutico. Rivendicare per Se' Qualifica di Esperti. Principi di Denver: Pre Istanziazione; soggettivazione e Riequilibrio; Specificità nel Modo in Cui Act Up Paris Ha Fatto Propri I Principi di Denver. Consensoinformato. Conclusioni." | ||
| 650 | _aSAGGI DI SEMIOLOGIA | ||
| 650 | _eCodice materia Spics: 3257 | ||
| 942 | _cBK | ||
| 957 | _71 | ||
| 999 |
_c78362 _d78362 |
||
| 999 | _g1 | ||